| 000 | 00780nam a2200253Ia 4500 | ||
|---|---|---|---|
| 003 | OSt | ||
| 005 | 20220916110914.0 | ||
| 006 | a|||||r|||| 00| 0 | ||
| 007 | ta | ||
| 008 | 220915b |||||||| |||| 00| 0 hin d | ||
| 024 | _a269536 | ||
| 037 | _cTextbook | ||
| 040 |
_bhin _aARTS _cARTS |
||
| 041 | _ahin | ||
| 082 | _aO15,1D40,1, 152M1;1(TTPS) | ||
| 100 | _aशर्मा, देवीदत्त | ||
| 245 | 0 | _aमेघदूत: एक विश्लेषण | |
| 246 | _aMeghadūta: ek vishleṣhaṇa | ||
| 260 | _c1981 | ||
| 300 |
_a96पण् _ccm. |
||
| 650 | _aहिन्दी साहित्य | ||
| 942 |
_hO15,1D40,1, 152M1;1(TTPS) _cTB _2CC |
||
| 999 |
_c100936 _d100936 |
||